| 000 | 02958cam a2200313 a 4500 | ||
|---|---|---|---|
| 001 | 22926177 | ||
| 003 | HDC | ||
| 005 | 20230718161605.0 | ||
| 008 | 230111s2010 enka b 001 0 eng c | ||
| 010 | _a 2022439463 | ||
| 020 | _a9781849509206 | ||
| 040 | _cHDC | ||
| 050 | 0 | 0 |
_aG155.I723 _bT68 2010 v. 2 |
| 245 | 0 | 0 |
_aTourism in the Muslim world / _cNoel Scott, Jafar Jafari [editors]. |
| 260 |
_aBingley, UK : _bEmerald, _c2010. |
||
| 300 |
_axvi, 420 pages : _billustrations ; _c24 cm. |
||
| 336 |
_atext _btxt _2rdacontent |
||
| 337 |
_aunmediated _bn _2rdamedia |
||
| 338 |
_avolume _bnc _2rdacarrier |
||
| 490 | 1 |
_aBridging tourism theory and practice ; _vv. 2 |
|
| 520 | 0 | _aIntroduction: Islam and Tourism / Jafar Jafari . Islam and its Spread .Conclusion. Part. I ISLAM AND TRAVEL & TOURISM: 2. Tourism and Islamic Law / Noel Scott. Introduction . Shari'a law . 3. Do We Always Understand Each Other? / Boris Vukonic. Do we Always Understand Each Other? 4. Halal Food and Tourism: Prospects and Challenges / Mazhar Hussain. Development of Halal Food and Tourism. 5. Women's Participation in Tourism: A Case from the Maldives / Noreen Breakey. The Republic of Maldives. Part. II MUSLIM COUNTRIES. 6. Islam and Tourism: Brunei, Indonesia, Malaysia, and Singapore / Joan C. Henderson. Islam, Society, and Politics in Southeast Asia. 7. Tourism in Saudi Arabia / Deborah Joanne Johnson. Tourism in Saudi Arabia. 8. Muslim Tourism in China / Yezheng Fan. Islam in China. 9. Tourism in Turkmenistan / Jonathan Edwards. Turkmenistan Today. 10. Islamic Tourism in Jordan: Sacred Topography and State Ambitions / Norig Neveu. Islamic Tourism in Jordan. 11. Japanese Tourism in Iran / Malcolm Cooper. The Tourism Industry of Iran. 12. Impacts of September 11: A Two-Sided Neighborhood Effect? / Christian Steiner. Political Unrest and Confrontational Worldviews. 13. Iran: Tourism, Heritage and Religion / Hamira Zamani-Farahani . Iran: Religion and Tourism . Part. III TRAVEL & TOURISM EXPERIENCES . 14. The Hajj: Experience of Turkish Female Pilgrims / Fevzi Okumus. Religious Tourism and Islam. 15. Tourism and Islamophobia: Muslims in Non-Muslim States / Nazia Ali . Islamic Orientalism, Folk Devils, and Identity Politics. 16. Tourism Shopping in Jeddah: Female Domestic Tourists' Experiences / Kevin Hannam. Shopping and Tourism. Part. IV PROMOTION AND MARKETING . 17. Islamicization of Promotion / Deepak Chhabra. Sustainable Cultural and Heritage Indicators . 18. Arabian Sights: Muslim States' Shared Photos / Jamie Murphy . User-Generated Photos . 19. Islamic Heritage in Singapore: The Kampong Glam Histor. | |
| 650 | 0 |
_aTourism _zIslamic countries. |
|
| 650 | 7 | _aTravel and Tourism. | |
| 650 | 7 | _aTourism. | |
| 700 | 1 |
_aScott, Noel, _d1958- |
|
| 700 | 1 | _aJafari, Jafar. | |
| 830 | 0 |
_aBridging tourism theory and practice ; _vv. 2. |
|
| 942 |
_2lcc _cBK _kG155.I723 _mT68 2010 v. 2 _n0 |
||
| 999 |
_c24280 _d24280 |
||